000 01626nam a2200409Ii 4500
001 DIGLMOND0028
003 NyNyDIG
006 m o d
007 cr |||||||||||
008 230829s2012 cl ob 000 0 spa d
035 _a(OCoLC)1395569402
040 _aDGITA
_beng
_erda
_epn
_cDGITA
020 _z9789563400274
043 _as-cl---
050 1 4 _aS934.C5 ebook
245 0 0 _aRecuperar los recursos naturales :
_bla defensa de los bienes comunes : minerales, agua, bosques, mar... /
_cUgo Mattei [and 7 others].
246 3 0 _aDefensa de los bienes comunes
264 1 _aSantiago, Chile :
_bEditorial Aún Creemos en los Sueños,
_c[2012]
300 _a1 online resource.
336 _atext
_btxt
_2rdacontent
337 _acomputer
_bc
_2rdamedia
338 _aonline resource
_bcr
_2rdacarrier
347 _atext file
_2rdaft
347 _bPDF
500 _a"Selección de artículos de Le Monde diplomatique."--Cover
504 _aIncludes bibliographical references.
588 0 _aOnline resource; title from PDF title page (Digitalia, viewed August 29, 2023)
650 0 _aCommon good
_zChile.
650 0 _aConservation of natural resources
_zChile.
700 1 _aMattei, Ugo,
_eauthor.
791 2 _aDigitalia (Firm),
_edistributor.
793 0 _gDigitalia eBook Collection:
_aLe Monde Diplomatique
776 0 8 _iPrint version:
_tRecuperar los recursos naturales.
_dSantiago, Chile : Editorial Aún Creemos en los Sueños, [2012]
_z9789563400274
856 4 0 _3Digitalia Hispánica
_uhttps://www.digitaliapublishing.com/a/128940/
910 _aPremium collection: 2023
942 _cRAA
999 _c279980
_d279980